000 00325nam a2200145Ia 4500
005 20250318073733.0
008 240331s9999 xx 000 0 und d
082 _bKRI
_a894
100 _aKrishnan, R
245 0 _aAval
260 _aMadras
_bDhagam
_c1992
300 _a191 p .,
650 _aTamil Short Stories
942 _cL
999 _c4036
_d4036